000
00260nam a2200109 a 4500
008
110104s1962|||| d
245
1
0
_a
Spomienky na V.I. Lenina 3.diel
260
_b
SVPL
_a
Bratislava
_c
1962
020
_c
17,50
041
_a
slo
044
_a
xo
_c
SK
999
_c
15479
_d
15479